Tápé a városiasodás útján
Elmentve itt :
| Dokumentumtípus: | Cikk |
|---|---|
| Megjelent: |
1969-01-19
|
| Sorozat: | Délmagyarország
|
| Kulcsszavak: | Komócsin Zoltán, Péter János, Politikai élet Tápé 1969, Politikus látogatása Tápé, Településpolitika településfejlesztés Tápé |
| Online Access: | http://dmarchiv.bibl.u-szeged.hu/36710 |
| LEADER | 00518nab a2200145 i 4500 | ||
|---|---|---|---|
| 001 | delm36710 | ||
| 005 | 20180927112811.0 | ||
| 008 | 180927s1969 hu o 0|| hun d | ||
| 040 | |a SZTE Délmagyarország Archívum |b hun | ||
| 041 | |a hun | ||
| 245 | 0 | 0 | |a Tápé a városiasodás útján |h [elektronikus dokumentum] |
| 260 | |c 1969-01-19 | ||
| 300 | |a 1 | ||
| 490 | 0 | |a Délmagyarország | |
| 695 | |a Komócsin Zoltán, Péter János, Politikai élet Tápé 1969, Politikus látogatása Tápé, Településpolitika településfejlesztés Tápé | ||